000 00414nam a22001697i 4500
001 4041
003 OSt
005 20170126082326.0
007 tu
008 161220s1977 xxu||||| |||| 00| 0 d
024 7 _a4040
_2RID
040 _cOSt
245 0 0 _aStructure and Change in European Industry
_b2 Exemplare
260 _aNew York,
_c1977.
300 _a288 S. ;
_c21cm.
110 2 _aEconomic Commission for Europe (ECE)
_eEd.
942 _cB
999 _c3973
_d3973